{"text_format":"3","workbook":"xls","n_sheets":3,"sheets":["Sheet1","Sheet2","Sheet3"],"read":"whole","date_system":"1900","formulas":"cached_only"}

{"sheet":"Sheet1","index":0,"n_rows":56,"n_cols":12,"rows_kept":56,"merged":[[0,0,0,11],[1,0,1,11],[2,0,2,11]],"flags":["formulas_cached_only"]}
["五金收料统计日报表"]
["日期： 2019  年 04月 29日                             填表人： 杨振华"]
["单位：江苏大力神管桩有限公司巨野分公司"]
["入库单号","品名","规格","数量","单位","单价","金额","供应商名称","联系方式","采购员","检验员","备注"]
["WIN008416","空滤总成","LV4008",20,"只",28,560,"布里斯托压缩机（上海）有限公司",null,"张传朋","甘星允"]
["WIN008417","白板笔",null,20,"支",2,40,"巨野县晨风文具商行",null,"张传朋","甘星允"]
["WIN008418","白护套线","2*4",1,"盘",320,320,"巨野县德航五金电料门市部",null,"张传朋","甘星允"]
[null,"插排","五孔",7,"个",9,63,"巨野县德航五金电料门市部",null,"张传朋","甘星允"]
[null,"钢锯架",null,1,"套",10,10,"巨野县德航五金电料门市部",null,"张传朋","甘星允"]
[null,"美工刀",null,4,"把",2,8,"巨野县德航五金电料门市部",null,"张传朋","甘星允"]
[null,"美工刀片",null,4,"盒",2,8,"巨野县德航五金电料门市部",null,"张传朋","甘星允"]
["WIN008419","胶",801,6,"袋",15,90,"巨野县亚美涂料",null,"张传朋","甘星允"]
["WIN008420","塑料外壳式断路器","NM10-100A",2,"个",78,156,"巨野县巨野镇张瑞兰",null,"张传朋","甘星允"]
["WIN008421","PVC弯头",90,2,"个",25,50,"巨野县德春水暖五金门市部",null,"张传朋","甘星允"]
[null,"PVC管子",90,1,"根",98,98,"巨野县德春水暖五金门市部",null,"张传朋","甘星允"]
[null,"PVC胶",null,1,"件",2,2,"巨野县德春水暖五金门市部",null,"张传朋","甘星允"]
["WIN008422","胶皮手套","PVC ",10,"双",4,40,"康艳丽",null,"张传朋","甘星允"]
[null,"大垃圾袋",null,4,"包",15,60,"康艳丽",null,"张传朋","甘星允"]
["WIN008423","套（加工件）","60*42",4,"件",25,100,"巨野县麒麟镇瑞麟机床加工厂",18253062776,"张传朋","甘星允"]
["WIN008424","航车联轴器","220*105加工件",1,"件",380,380,"巨野县麒麟镇瑞麟机床加工厂",18253062776,"张传朋","甘星允"]
[null,"跑车托轮","70*96加工件",4,"套",70,280,"巨野县麒麟镇瑞麟机床加工厂",18253062776,"张传朋","甘星允"]
["WIN008425","铜线","50#",2,"米",28,56,"巨野县巨野镇张瑞兰",null,"张传朋","甘星允"]
["WIN008426","高强卸扣","6.5T",10,"个",20,200,"巨野县泗春五金机电门市部",13561346099,"张传朋","甘星允"]
[null,"蝴蝶扣","5.3T",10,"个",26,260,"巨野县泗春五金机电门市部",13561346099,"张传朋","甘星允"]
[null,"轴卡",100,2,"个",3,6,"巨野县泗春五金机电门市部",13561346099,"张传朋","甘星允"]
[null,"电焊帽",null,3,"个",6,18,"巨野县泗春五金机电门市部",13561346099,"张传朋","甘星允"]
[null,"506焊条","4.0#",1,"箱",140,140,"巨野县泗春五金机电门市部",13561346099,"张传朋","甘星允"]
["WIN008427","丝杆","14#",2,"根",6.5,13,"巨野县泗春五金机电门市部",13561346099,"张传朋","甘星允"]
[null,"丝杆","16#",2,"根",7,14,"巨野县泗春五金机电门市部",13561346099,"张传朋","甘星允"]
[null,"电焊钳","800A",4,"把",25,100,"巨野县泗春五金机电门市部",13561346099,"张传朋","甘星允"]
[null,"电焊帽",null,2,"个",4,8,"巨野县泗春五金机电门市部",13561346099,"张传朋","甘星允"]
["WIN008428","大便延时器",null,6,"个",25,150,"巨野县德春水暖五金门市部",null,"张传朋","甘星允"]
["WIN008429","氧气",null,9,"瓶",30,270,"巨野县巨泰气体二站",18765016777,"张传朋","甘星允"]
[null,"乙炔",null,3,"瓶",65,195,"巨野县巨泰气体二站",18765016777,"张传朋","甘星允"]
["WIN008440","BV铜线","4平方",2,"盘",185,370,"巨野县德航五金电料门市部",null,"张传朋","甘星允"]
[{"$nulls":6},0]
[{"$nulls":6},0]
[{"$nulls":6},0]
[{"$nulls":6},0]
[{"$nulls":6},0]
[{"$nulls":6},0]
[{"$nulls":6},0]
[{"$nulls":6},0]
[{"$nulls":6},0]
[{"$nulls":6},0]
[{"$nulls":6},0]
[{"$nulls":6},0]
[{"$nulls":6},0]
[{"$nulls":6},0]
[{"$nulls":6},0]
[{"$nulls":6},0]
[{"$nulls":6},0]
[{"$nulls":6},0]
[{"$nulls":6},0]
[{"$nulls":6},0]
[{"$nulls":6},0]

{"sheet":"Sheet2","index":1,"n_rows":0,"n_cols":0,"rows_kept":0,"flags":["formulas_cached_only"]}

{"sheet":"Sheet3","index":2,"n_rows":0,"n_cols":0,"rows_kept":0,"flags":["formulas_cached_only"]}